| 000 -ლიდერი |
| ფიქსირებული სიგრძის საკონტროლო ველი |
00960nam a22001937a 4500 |
| 003 - საკონტროლო ნომრის იდენტიფიკატორი |
| საკონტროლო ველი |
Ge_BSU |
| 005 - ბოლო ოპერაციის თარიღი და დრო |
| საკონტროლო ველი |
20221213134837.0 |
| 008 - ფიქსირებული სიგრძის მონაცემთა ელემენტები - ზოგადი ინფორმაცია |
| ფიქსირებული სიგრძის საკონტროლო ველი |
221213s1950ge xxu||||| |||| 00| 0 geo d |
| 041 ## - ენის კოდი |
| Language code of text/sound track or separate title |
geo |
| 080 ## - უნივერსალური ათობითი კლასიფიკაციის ინდექსი |
| Universal Decimal Classification number |
633.1 ლ-82 |
| 100 ## - მთავარი ჩანაწერი - პიროვნების სახელი |
| Personal name |
ლომოური, ი.ნ. |
| 9 (RLIN) |
16385 |
| 245 ## - ცნობა სათაურის შესახებ |
| Title |
მარცვლეული კულტურები. |
| Remainder of title |
ნაწ. 2,ფეტვნაირი პურეული) / |
| Statement of responsibility, etc |
ი.ნ. ლომოური, წინასიტყვ. ავტ. ნ. ლაჭყეპიანი. |
| 264 ## - წარმოების, გამოცემის, დისტრიბუციის და სხვა ცნობები |
| გამოცემის, წარმოების, დისტრიბუციის... ადგილი |
თბილისი : |
| გამოცემის, წარმოების, დისტრიბუციის... სახელწოდება |
საქ. სას.-სამ. ინ-ტის გამ-ბა, |
| გამოცემის, წარმოების, დისტრიბუციის... თარიღი |
1950. |
| 300 ## - ფიზიკური აღწერა |
| Extent |
325გვ. |
| Other physical details |
22 სმ. |
| 653 ## - INDEX TERM--UNCONTROLLED |
| Uncontrolled term |
მარცვლეული კულტურები. |
| 653 ## - INDEX TERM--UNCONTROLLED |
| Uncontrolled term |
ფეტვნაირი პურეული. |
| 700 ## - ADDED ENTRY--PERSONAL NAME |
| Personal name |
ლაჭყეპიანი, ნ |
| Relator term |
წინასიტყვაობის ავტორი |
| 9 (RLIN) |
16386 |
| 942 ## - ADDED ENTRY ELEMENTS (KOHA) |
| Source of classification or shelving scheme |
|
| Koha item type |
წიგნი |